|
|
|
|
| LEADER |
00823cam a2200229 7i4500 |
| 001 |
0000015013 |
| 005 |
20050205090000.0 |
| 020 |
0 |
0 |
|a 981-232-737-1
|
| 090 |
0 |
0 |
|a UAE 306.95357
|b CRO
|
| 100 |
1 |
0 |
|a Crocetti
|
| 245 |
1 |
0 |
|a Culture Shock! :
|b United Arab Emirates.
|
| 260 |
0 |
0 |
|a Singapore:
|b Times Books International,
|c 1996.
|
| 300 |
# |
# |
|a 214 p.
|
| 440 |
0 |
0 |
|a Culture Shock!
|
| 650 |
0 |
0 |
|a Culture --
|z United Arab Emirates
|
| 650 |
0 |
0 |
|a Etiquette --
|z United Arab Emirates
|
| 650 |
0 |
0 |
|a United Arab Emirates --
|x Social life and customs
|
| 650 |
0 |
0 |
|a Doing business --
|z United Arab Emirates
|
| 651 |
0 |
0 |
|a United Arab Emirates
|
| 999 |
|
|
|a SBH000029B
|b Book
|c Countries
|e MATRADE Sabah
|
| 999 |
|
|
|a PNG000079B
|b Book
|c Countries
|e MATRADE Northern Regional Office
|
| 999 |
|
|
|a B000016635
|b Book
|c Countries
|e Business Information Centre
|